Brett Favre - Statistics

General Stats
  • This quiz has been taken 71 times
  • The average score is 6 of 8
Answer Stats
Hint Answer % Correct
How many superbowls did brett appear in? 2
100%
How many times to brett beat the packers? 2
100%
How many rings does he have? 1
98%
How many teams did Brett Favre play for? 4
98%
Where is Brett Favre from? Mississippi
79%
Did brett favre's first pass go for a TD? Yes
79%
Where did Brett start his career? Atlanta Falcons
50%
What was Brett's segment on sports center called? Favre Watch
4%
No matching quizzes found
Score Distribution
Percent of People with Each Score
Percentile by Number Answered
Your Score History
You have not taken this quiz